000 01393cam a2200133 4500500
005 20260405032215.0
041 _afre
042 _adc
100 1 0 _aFlonneau, Jean-Marie
_eauthor
245 0 0 _aLe Reich allemand : De Bismarck à Hitler - 1848-1945
260 _bArmand Colin,
_c2003.
520 _aFondé par Bismarck, le Reich allemand a une brève existence - seulement 74 ans -, de 1871 à 1945, marquée par deux guerres mondiales particulièrement meurtrières, dont la seconde entraîne sa disparition. Sans faire de l'histoire à rebours en partant d'Auschwitz ni affirmer péremptoirement une voie particulière de modernisation économique sans modernisation politique libérale, il faut placer au coeur de l'histoire allemande la problématique des rapports entre nation et démocratie, unité et liberté. Comment l'Allemagne, pays divisé jusqu'au milieu du XIXe siècle, devient-elle, dans la seconde moitié du même siècle et la première du XXe , une grande puissance qui cherche son identité dans deux tentatives pour soumettre l'univers à son rêve d'hégémonie mondiale, au point d'aller jusqu'à autodestruction ? Comment cet État national tard venu verse-t-il dans la catastrophe hitlérienne, régime totalitaire criminel unique dans l'histoire ?
856 4 1 _uhttps://shs.cairn.info/le-reich-allemand--9782200262334?lang=fr&redirect-ssocas=7080
999 _c2153022
_d2153022